Celebrating Bihar : (Record no. 84950)

MARC details
000 -LEADER
fixed length control field 00748nam a22002057a 4500
005 - DATE AND TIME OF LATEST TRANSACTION
control field 20230912103459.0
010 ## - LCCN (DPL NO)
LC control number EN-137838
020 ## - INTERNATIONAL STANDARD BOOK NUMBER
International Standard Book Number 9780198083757
Terms of availability 1495.00
037 ## - SOURCE OF ACQUISITION
Source of stock number/acquisition BSB/Ven
Stock number dpl
082 ## - DEWEY DECIMAL CLASSIFICATION NUMBER
Classification number 954.53
100 ## - MAIN ENTRY--PERSONAL NAME
Personal name Tiwari, Nishant
245 ## - TITLE STATEMENT
Title Celebrating Bihar :
Remainder of title the charm of champaranl /
Statement of responsibility, etc by Nishant Tiwari
260 ## - PUBLICATION, DISTRIBUTION, ETC. (IMPRINT)
Place of publication, distribution, etc New Delhi
Name of publisher, distributor, etc Oxford University Press
Date of publication, distribution, etc 2012
270 ## - ADDRESS
Address YMCA Library Building, 1 Jai Singh Road
City New Delhi
Postal code 110001
300 ## - PHYSICAL DESCRIPTION
Extent 93p.:
Dimensions 21cm(Hb)
Other physical details col.ill.
600 ## - SUBJECT ADDED ENTRY--PERSONAL NAME
Personal name Gandhi, Mahatma,
Dates associated with a name 1869-1948
General subdivision Religion.
650 ## - SUBJECT ADDED ENTRY--TOPICAL TERM
Topical term or geographic name as entry element Hinduism.
942 ## - ADDED ENTRY ELEMENTS (KOHA)
Source of classification or shelving scheme Dewey Decimal Classification
Item type English Books
Classification part 954.53
Call number suffix TIW
Holdings
Withdrawn status Lost status Not for loan Collection code Home library Current library Date acquired Source of acquisition Cost, normal purchase price Full call number Barcode Copy number Cost, replacement price Koha item type
    Not For Loan Reference D.B.Act.Division Central Library 21/08/2023 DBAD/PUB 1495.00 954.53 TIW EN-121370 1 1495.00 English Books

© Delhi Public Library
Hit Counter
free hit counter